000 01593nam a2200205Ia 4500
001 b6396-45631
003 IT-MiCISF
008 161014s9999||||xx |||||||||||||| ||und||
040 _aIT-MiCISF
_cIT-MiCISF
041 _ait
100 _aChevillard Lutz Sophie
245 0 _aLa forza di una vita fragile
_bStoria di una bambina che non doveva nascere
250 _a1a ed.
260 _a Torino
_bLindau
_c2008 [Edizione originale: 2007]
300 _app. 122
500 _a / famiglia-con-handicap, madre, rapporti-madre-figli, esperienze / Philippine oggi ha sette anni. Già prima che nascesse i medici avevano riscontrato una lesione cerebrale molto grave che non le avrebbe permesso di vivere e a loro giudizio la condannava inevitabilmente a essere abortita. Una prospettiva che i suoi genitori hanno rifiutato immediatamente. Contrariamente a tutte le previsioni, Philippine è sopravvissuta, pur restando in una condizione di grave dipendenza, come quella di un neonato tra i tre e i sei mesi. La sua unica forma di comunicazione si limita all'accenno di un sorriso nei momenti di felicità. In questo piccolo libro la mamma di Philippine racconta ciò che ha provocato in lei la nascita di una figlia affetta da un così grave handicap fisico e mentale, e il posto speciale che ha nella sua esistenza e in quella della sua famiglia. L'accettazione della fragilità di Philippine ha trasformato a poco a poco la vita dei suoi genitori e li ha resi più sensibili, più profondi, umani.
650 _a Temi di bioetica / handicap
_e011
942 _cBK
957 _71
999 _a45631
_bsi
_g1
_c210650
_d210650